Countries That Border Russia - Sudden Death - Statistics

General Stats
  • This quiz has been taken 66 times
    43 since last reset
  • The average score is 9 of 13
Answers on the Grid
Answers color-coded by a green-red scale on the quiz's grid according to % correct below.
Afghanistan
Armenia
Azerbaijan
Belarus
Botswana
China
Denmark
Estonia
Fiji
Finland
Georgia
Germany
Hungary
Ireland
Kazakhstan
Laos
Latvia
Lithuania
Mongolia
Norway
Pakistan
Poland
Portugal
Slovakia
Sweden
Taiwan
Ukraine
United States
 
Answer Stats
Answer % Correct
China
83%
Finland
83%
Belarus
78%
Estonia
78%
Azerbaijan
70%
Kazakhstan
70%
Latvia
70%
Lithuania
70%
Mongolia
70%
Ukraine
70%
Georgia
65%
Norway
61%
Poland
57%
No matching quizzes found
Score Distribution
Percent of People with Each Score
Percentile by Number Answered
Your Score History
You have not taken this quiz since the last reset